| 000 | 01199nac a22002891u 4500 | ||
|---|---|---|---|
| 010 | _a 2005432656 | ||
| 020 | _a0863565964 | ||
| 035 | _a(OCoLC)ocm60835216 | ||
| 082 | 0 | 4 |
_a297.82092 _bSAN |
| 090 |
_c8583 _d8583 |
||
| 100 | _aSankari, Jamal. | ||
| 245 | 1 | 0 |
_aFadlallah : _bthe making of a radical Shi'ite leader / _cJamal Sankari. |
| 260 |
_aLondon : _bSaqi,C.2005. _cC.2005. |
||
| 300 |
_a397 p. ; _c24 cm. |
||
| 500 | _aDistributer: Baccah. | ||
| 504 | _aIncludes bibliographical references (p. [363]-383) and index. | ||
| 511 | _aCatalogued By: Mahitab. | ||
| 600 | 1 | 0 | _aFadlAllah Mohammed El-Hussien. |
| 650 | 0 |
_aShiites _zLebanon _vBiography. |
|
| 650 | 0 |
_aRadicals _zLebanon _vBiography. |
|
| 650 | 0 |
_aIslamic fundamentalism _zMiddle East. |
|
| 650 | 0 |
_aIslam and politics _zMiddle East. |
|
| 856 | 4 | 2 |
_3Contributor biographical information _uhttp://www.loc.gov/catdir/enhancements/fy0628/2005432656-b.html |
| 856 | 4 | 2 |
_3Publisher description _uhttp://www.loc.gov/catdir/enhancements/fy0628/2005432656-d.html |
| 942 |
_cBB _k297.82092SAN |
||
| 999 |
_c8583 _d8583 |
||